Dust in the Wind - Kansas (All Lyrics) - Statistics

General Stats
  • This quiz has been taken 78 times
  • The average score is 93 of 114
Answer Stats
Answer % Correct
I
100%
Dust
98%
dust
98%
in
98%
the
98%
wind
98%
a
96%
we
94%
All
93%
all
93%
are
93%
an
91%
is
91%
my
89%
moment
87%
close
85%
eyes
85%
gone
85%
and
83%
And
83%
for
83%
on
81%
do
80%
moment's
80%
before
76%
dreams
76%
to
74%
but
72%
Just
72%
Only
72%
see
72%
they
72%
don't
67%
curiosity
65%
of
63%
sea
63%
forever
61%
Nothing
61%
old
61%
Same
61%
It
59%
refuse
59%
song
59%
earth
57%
endless
57%
ground
57%
lasts
57%
sky
57%
Crumbles
56%
hang
56%
water
56%
your
56%
drop
54%
minute
52%
won't
52%
Everything
50%
Now
50%
Pass
50%
money
48%
another
46%
away
46%
though
44%
buy
43%
slips
35%
No matching quizzes found
Score Distribution
Percent of People with Each Score
Percentile by Number Answered
Your Score History
You have not taken this quiz